Doughnut Economics : Seven Ways to Think Like a 21st-Century Economist /

Salvato in:
Dettagli Bibliografici
Autore principale: Raworth, Kate
Natura: Libro
Lingua:inglese
Pubblicazione: London : Random House Business, 2018
Edizione:2. vydanie
Soggetti:
Tags: Aggiungi Tag
Nessun Tag, puoi essere il primo ad aggiungerne!!

MARC

LEADER 00000nam a22000003a 4500
001 0090246
003 SK-STU
005 20210914154040.9
007 ta
008 210912s ----xo-----e------000-0-----d
020 |a 978-1-847-94139-8 
040 |a STU  |b slo 
041 0 |a eng 
044 |a xxk 
100 1 |a Raworth, Kate 
245 1 0 |a Doughnut Economics :  |b Seven Ways to Think Like a 21st-Century Economist /  |c Kate Raworth 
250 |a 2. vydanie 
260 |a London :  |b Random House Business,  |c 2018 
300 |a 373 s. 
650 0 7 |a ekonomika 
650 0 7 |a distribúcia 
650 0 7 |a dynamika 
650 0 7 |a kritické myslenie 
996 |b 284AU09051  |c A* 12331/U  |l AAKNST  |s P  |a 0  |w 0090246_0001 
996 |b 284AU09052  |c A* 12332/U  |l AAKNAR  |s A  |a 24  |w 0090246_0002 
996 |b 284AU09053  |c A* 12333/U  |l AAKNAR  |s A  |a 24  |w 0090246_0003 
996 |b 284AU09054  |c A* 12334/U  |l AAKNAR  |s A  |a 24  |w 0090246_0004 
996 |b 284AU09055  |c A* 12335/U  |l AAKNAR  |s A  |a 24  |w 0090246_0005